Statistics for How Much Do You Know About Eurovision?

Click here to take the quiz!

General Stats

  • This quiz has been taken 58 times
  • The average score is 6 of 8

Answer Stats

QuestionAnswer% Correct
Which Country Participate Only 1 Time?Morocco
95%
Is There A Person Who Won Eurovision Twice?Yes
95%
The Country That Has Won The Esc Most TimesIreland And Sweden
92%
Which Country Waited The Longest To Win EurovisionPortugal
87%
Which Country Never Qualify To Final?Andorra
79%
Which Country Qualified the Most in the 21st Century??Ukraine
64%
Which country waited the shortest to win Eurovision?Serbia
54%
Which Country Participate Most Times?Germany
44%

Score Distribution

Percentile by Number Answered

Percent of People with Each Score

Your Score History

You have not taken this quiz